[Event "Elwood-ch"]
[Site "Elwood"]
[Date "2005.10.30"]
[Round "4"]
[White "Baron, Michael"]
[Black "Smerdon, David"]
[Result "1/2-1/2"]
[WhiteElo "2320"]
[BlackElo "2421"]
[PlyCount "148"]
[EventDate "2005.10.29"]
[EventType "swiss"]
[EventRounds "7"]
[EventCountry "AUS"]
[SourceTitle "EXT 2006"]
[Source "ChessBase"]
[SourceDate "2005.11.24"]
[SourceVersion "1"]
[SourceVersionDate "2005.11.24"]
[SourceQuality "1"]

1. Nf3 Nf6 2. c4 g6 3. g3 Bg7 4. Bg2 d5 5. cxd5 Nxd5 6. 0-0 Nb6 7. Nc3 Nc6 8. d3 Bf5 9. Be3 Qd7 10. Rc1 Bh3 11. Bxh3 Qxh3 12. Qb3 0-0 13. Ne4 Rfd8 14. Qxf7+ Kxf7 15. Nfg5+ Kg8 16. Nxh3 Bxb2 17. Rb1 Be5 18. Rfc1 Rd5 19. Nc5 Nd8 20. Nf4 Rd6 21. h4 Rb8 22. Ne4 Rc6 23. Rxc6 Nxc6 24. Nc5 Kf7 25. Kg2 Nd8 26. Rb5 Bd6 27. Ne4 Nc8 28. h5 Bxf4 29. Bxf4 Nd6 30. hxg6+ hxg6 31. Rb1 Ne6 32. Be5 Nxe4 33. dxe4 b5 34. f4 Rb7 35. Rh1 c5 36. Rh7+ Ke8 37. Rh6 Rb6 38. f5 Nf8 39. Bg7 Kf7 40. Bxf8 Kxf8 41. Rh8+ Kf7 42. Rc8 c4 43. g4 Ra6 44. e5 gxf5 45. gxf5 Rxa2 46. Kf3 Ra3+ 47. Kf4 c3 48. Kg5 b4 49. e6+ Kg7 50. Rc7 c2 51. f6+ Kh7 52. Rxc2 Ra5+ 53. Kf4 exf6 54. Rc4 Re5 55. Rxb4 a5 56. Rb6 Kg7 57. e4 Kf8 58. Rc6 Ke7 59. Ra6 Rb5 60. Rc6 Rb1 61. Ra6 Ra1 62. Kf5 Rf1+ 63. Kg4 Rg1+ 64. Kf5 Rg5+ 65. Kf4 Re5 66. Kf3 Kd8 67. Kf4 Kc7 68. e7 Kd7 69. Rxf6 Rb5 70. Ra6 Kxe7 71. e5 Kd7 72. e6+ Ke7 73. Ke4 Rh5 74. Kd3 a4 1/2-1/2

[Event "Melbourne CC Anzac op"]
[Site "Melbourne"]
[Date "2005.04.25"]
[Round "?"]
[White "Baron, Michael"]
[Black "Bjelobrk, Igor"]
[Result "1/2-1/2"]
[WhiteElo "2320"]
[BlackElo "2377"]
[PlyCount "21"]
[EventDate "2005.04.23"]
[EventType "swiss"]
[EventRounds "7"]
[EventCountry "AUS"]
[SourceTitle "EXT 2010"]
[Source "ChessBase"]
[SourceDate "2010.11.25"]
[SourceVersion "1"]
[SourceVersionDate "2010.11.25"]
[SourceQuality "1"]

1. Nf3 d5 2. d4 Nf6 3. c4 e6 4. cxd5 exd5 5. Nc3 c6 6. Bg5 Be7 7. Qc2 g6 8. e3 Bf5 9. Bd3 Bxd3 10. Qxd3 0-0 11. 0-0 1/2-1/2

[Event "Melbourne FIDE"]
[Site "Melbourne"]
[Date "2003.02.21"]
[Round "4"]
[White "Baron, Michael"]
[Black "Bekker, Gary"]
[Result "1-0"]
[WhiteElo "2302"]
[BlackElo "1590"]
[PlyCount "45"]
[EventDate "2003.02.??"]
[EventType "tourn"]
[EventRounds "9"]
[EventCountry "AUS"]
[SourceTitle "EXT 2005"]
[Source "ChessBase"]
[SourceDate "2004.11.15"]
[SourceVersion "1"]
[SourceVersionDate "2004.11.15"]
[SourceQuality "1"]

1. e4 d6 2. d4 Nf6 3. Nc3 g6 4. f4 Bg7 5. e5 dxe5 6. dxe5 Qxd1+ 7. Kxd1 Ng4 8. Ke1 c6 9. h3 Nh6 10. g4 Be6 11. Nf3 Nd7 12. Be3 Nb6 13. Nd4 Bd5 14. Rg1 0-0-0 15. a4 Rhe8 16. a5 Na8 17. Nxd5 cxd5 18. Bb5 Rh8 19. a6 b6 20. Bc6 Kb8 21. Bb7 Rd7 22. Nc6+ Kc7 23. Nxa7 1-0

[Event "Melbourne FIDE"]
[Site "Melbourne"]
[Date "2003.02.14"]
[Round "1"]
[White "Wyss, Felix"]
[Black "Baron, Michael"]
[Result "0-1"]
[WhiteElo "2027"]
[BlackElo "2302"]
[PlyCount "54"]
[EventDate "2003.02.??"]
[EventType "tourn"]
[EventRounds "9"]
[EventCountry "AUS"]
[SourceTitle "EXT 2005"]
[Source "ChessBase"]
[SourceDate "2004.11.15"]
[SourceVersion "1"]
[SourceVersionDate "2004.11.15"]
[SourceQuality "1"]

1. d4 Nf6 2. c4 c5 3. d5 e6 4. Nc3 exd5 5. cxd5 d6 6. e4 g6 7. Bd3 Bg7 8. Nge2 0-0 9. 0-0 Re8 10. Ng3 a6 11. Be3 b5 12. a3 Nbd7 13. f4 b4 14. axb4 cxb4 15. Na4 Nxd5 16. Bf2 Nxf4 17. Bc4 Ne5 18. Bb6 Qg5 19. Rxf4 Qxf4 20. Bd5 Rb8 21. Qb3 Be6 22. Rf1 Qg5 23. Bc7 Bxd5 24. Qxd5 Rbc8 25. Qxd6 Qe3+ 26. Kh1 Ng4 27. Bb6 Qh6 0-1

[Event "Melbourne Rating"]
[Site "Melbourne"]
[Date "2002.07.14"]
[Round "3"]
[White "Baron, Michael"]
[Black "Urban, Sylvester"]
[Result "1-0"]
[WhiteElo "2300"]
[BlackElo "2009"]
[PlyCount "53"]
[EventDate "2002.07.13"]
[EventType "tourn"]
[EventRounds "9"]
[EventCountry "AUS"]
[SourceTitle "EXT 2003"]
[Source "ChessBase"]
[SourceDate "2002.11.25"]
[SourceVersion "1"]
[SourceVersionDate "2002.11.25"]
[SourceQuality "1"]

1. c4 e5 2. Nc3 Nc6 3. g3 Nf6 4. Bg2 Bb4 5. Nd5 Bc5 6. a3 a5 7. d3 h6 8. Nf3 0-0 9. 0-0 d6 10. b3 Be6 11. Nxf6+ Qxf6 12. Bb2 Qe7 13. e3 Bg4 14. h3 Bxf3 15. Bxf3 Bb6 16. Rc1 f5 17. Bxc6 bxc6 18. d4 f4 19. exf4 exf4 20. Qd3 Rae8 21. c5 dxc5 22. dxc5 Bxc5 23. Qc4+ Kh8 24. Qxc5 Qd7 25. Qd4 Qf7 26. Qxf4 Qg6 27. Qg4 1-0

[Event "Melbourne Rating"]
[Site "Melbourne"]
[Date "2002.07.13"]
[Round "2"]
[White "Szuveges, Narelle"]
[Black "Baron, Michael"]
[Result "0-1"]
[WhiteElo "2021"]
[BlackElo "2300"]
[PlyCount "48"]
[EventDate "2002.07.13"]
[EventType "tourn"]
[EventRounds "9"]
[EventCountry "AUS"]
[SourceTitle "EXT 2003"]
[Source "ChessBase"]
[SourceDate "2002.11.25"]
[SourceVersion "1"]
[SourceVersionDate "2002.11.25"]
[SourceQuality "1"]

1. d4 d5 2. c4 dxc4 3. e3 Nf6 4. Bxc4 a6 5. Nf3 e6 6. Nc3 b5 7. Bd3 Bb7 8. 0-0 c5 9. dxc5 Bxc5 10. Qe2 Nbd7 11. h3 Qb6 12. e4 e5 13. b3 0-0 14. Bb2 Rfe8 15. Rac1 Nh5 16. g3 Nxg3 17. Qd2 Nxf1 18. Rxf1 Rad8 19. Kh2 Nf6 20. Qe2 Bc8 21. Nh4 Bxf2 22. Rxf2 Rxd3 23. Rf3 Rxf3 24. Qxf3 Qc7 0-1

[Event "Melbourne Rating"]
[Site "Melbourne"]
[Date "2002.07.12"]
[Round "1"]
[White "Baron, Michael"]
[Black "Chow, Samuel"]
[Result "1/2-1/2"]
[WhiteElo "2300"]
[BlackElo "2113"]
[PlyCount "102"]
[EventDate "2002.07.13"]
[EventType "tourn"]
[EventRounds "9"]
[EventCountry "AUS"]
[SourceTitle "EXT 2003"]
[Source "ChessBase"]
[SourceDate "2002.11.25"]
[SourceVersion "1"]
[SourceVersionDate "2002.11.25"]
[SourceQuality "1"]

1. d4 e6 2. c4 Nf6 3. g3 d5 4. Bg2 c5 5. dxc5 Bxc5 6. cxd5 exd5 7. Nf3 0-0 8. 0-0 h6 9. b3 Nc6 10. Bb2 Qe7 11. Nc3 Be6 12. Nb5 Ne4 13. Nbd4 Rac8 14. Nxe6 fxe6 15. e3 Ba3 16. Bxa3 Qxa3 17. Nh4 Nc3 18. Qg4 Rf6 19. Ng6 Kh7 20. Nf4 Re8 21. e4 Qd6 22. exd5 exd5 23. Nd3 Ne5 24. Nxe5 Qxe5 25. Qb4 Ne2+ 26. Kh1 Rxf2 27. Rxf2 Qxa1+ 28. Rf1 Qe5 29. Qxb7 Qh5 30. Bf3 Qh3 31. Bg2 Nxg3+ 32. Kg1 Ne2+ 33. Kh1 Qh4 34. Qc7 Qg5 35. Qxa7 Nf4 36. Bf3 Re2 37. Qg1 Qxg1+ 38. Kxg1 Rxa2 39. Rb1 Kg6 40. b4 Kf5 41. b5 g5 42. b6 Ra8 43. Kf2 Ke5 44. b7 Rb8 45. Bg4 Nd3+ 46. Kf3 Nc5 47. Bc8 Kd6 48. Rb6+ Kc7 49. Rxh6 Nxb7 50. Be6 Rd8 51. Rh7+ Kc6 1/2-1/2

[Event "Australian Masters"]
[Site "Melbourne"]
[Date "2002.07.10"]
[Round "10"]
[White "Canfell, Gregory"]
[Black "Baron, Michael"]
[Result "1-0"]
[WhiteElo "2334"]
[BlackElo "2300"]
[PlyCount "109"]
[EventDate "2002.07.01"]
[EventType "tourn"]
[EventRounds "11"]
[EventCountry "AUS"]
[EventCategory "2"]
[SourceTitle "EXT 2004"]
[Source "ChessBase"]
[SourceDate "2003.11.25"]
[SourceVersion "1"]
[SourceVersionDate "2003.11.25"]
[SourceQuality "1"]

1. e4 c6 2. d4 d5 3. Nd2 dxe4 4. Nxe4 Nd7 5. Bc4 e6 6. Qe2 Nb6 7. Bd3 Be7 8. Nf3 Nf6 9. Bd2 Nbd5 10. 0-0-0 Nb4 11. Nxf6+ gxf6 12. Bxb4 Bxb4 13. c4 Be7 14. d5 Qc7 15. Kb1 Bd7 16. Nd4 e5 17. Nf5 Bf8 18. Qh5 c5 19. Rhe1 Bxf5 20. Bxf5 Bd6 21. Qh6 Qe7 22. g4 Kd8 23. f4 Kc7 24. g5 Qf8 25. Qxf8 Raxf8 26. gxf6 Re8 27. Rg1 exf4 28. Rg7 Rhf8 29. Rxh7 Kb6 30. Rd3 a6 31. Rb3+ Ka7 32. Be6 f3 33. Rxf3 fxe6 34. Rd7 exd5 35. Rxd6 dxc4 36. Rd7 Re2 37. f7 Rxh2 38. Re7 Rd8 39. Rf1 Rhh8 40. a3 a5 41. a4 Ka6 42. Rfe1 Rdf8 43. R1e6+ Ka7 44. Rd6 Rh1+ 45. Kc2 Rf1 46. Rdd7 Rb8 47. Kd2 Rf6 48. Ke3 Rf1 49. Ke4 Kb6 50. Rd6+ Ka7 51. Kd5 Rd1+ 52. Ke6 Re1+ 53. Kf6 Rh1 54. Re8 Rh6+ 55. Ke7 1-0

[Event "Australian Masters"]
[Site "Melbourne"]
[Date "2002.07.08"]
[Round "8"]
[White "Solomon, Stephen J"]
[Black "Baron, Michael"]
[Result "0-1"]
[WhiteElo "2375"]
[BlackElo "2300"]
[PlyCount "106"]
[EventDate "2002.07.01"]
[EventType "tourn"]
[EventRounds "11"]
[EventCountry "AUS"]
[EventCategory "2"]
[SourceTitle "EXT 2004"]
[Source "ChessBase"]
[SourceDate "2003.11.25"]
[SourceVersion "1"]
[SourceVersionDate "2003.11.25"]
[SourceQuality "1"]

1. e4 c6 2. d4 d5 3. Nd2 dxe4 4. Nxe4 Nd7 5. Ng5 e6 6. Bd3 Ngf6 7. N1f3 Bd6 8. Qe2 Qe7 9. Ne5 0-0 10. Bf4 h6 11. Ngxf7 Rxf7 12. Ng6 Bxf4 13. Nxe7+ Rxe7 14. g3 Bd6 15. 0-0-0 e5 16. Bc4+ Kf8 17. dxe5 Bxe5 18. Qd3 b5 19. Bb3 a5 20. f4 Bc7 21. Qc3 Bb7 22. Rhe1 Rae8 23. Rxe7 Rxe7 24. f5 Ne4 25. Qf3 Ndf6 26. Be6 c5 27. Qe2 Bc6 28. a4 bxa4 29. Qa6 Be8 30. Re1 Nd6 31. Rd1 Nde4 32. Qa8 h5 33. Kb1 a3 34. Re1 Nd6 35. Rg1 axb2 36. h3 Nde4 37. g4 Be5 38. Rg2 a4 39. Re2 Nc3+ 40. Kxb2 Nxe2+ 41. Ka3 Nd4 42. g5 Nb5+ 43. Ka2 Ne4 44. c4 Nec3+ 45. Kb2 Nc7 46. Qf3 Nxe6 47. fxe6+ Kg8 48. Qf5 Bd4 49. g6 Ne4+ 50. Ka3 Nf6 51. h4 Bc6 52. Qh3 Rb7 53. Qf5 Ne4 0-1

[Event "Australian Masters"]
[Site "Melbourne"]
[Date "2002.07.05"]
[Round "5"]
[White "West, Guy"]
[Black "Baron, Michael"]
[Result "1/2-1/2"]
[WhiteElo "2362"]
[BlackElo "2300"]
[PlyCount "38"]
[EventDate "2002.07.01"]
[EventType "tourn"]
[EventRounds "11"]
[EventCountry "AUS"]
[EventCategory "2"]
[SourceTitle "EXT 2004"]
[Source "ChessBase"]
[SourceDate "2003.11.25"]
[SourceVersion "1"]
[SourceVersionDate "2003.11.25"]
[SourceQuality "1"]

1. d4 d5 2. Nf3 e6 3. e3 Nf6 4. Nbd2 c5 5. c3 Nc6 6. Bd3 Bd6 7. 0-0 0-0 8. Re1 e5 9. e4 cxd4 10. cxd4 Bg4 11. dxe5 Nxe5 12. Be2 dxe4 13. Nxe5 Bxe2 14. Qxe2 Bxe5 15. Nxe4 Nxe4 16. Qxe4 Re8 17. g3 Qd7 18. Qf3 h6 19. Be3 Qb5 1/2-1/2

[Event "Australian Masters"]
[Site "Melbourne"]
[Date "2002.07.04"]
[Round "4"]
[White "Baron, Michael"]
[Black "Levi, Eddy"]
[Result "1/2-1/2"]
[WhiteElo "2300"]
[BlackElo "2264"]
[PlyCount "73"]
[EventDate "2002.07.01"]
[EventType "tourn"]
[EventRounds "11"]
[EventCountry "AUS"]
[EventCategory "2"]
[SourceTitle "EXT 2004"]
[Source "ChessBase"]
[SourceDate "2003.11.25"]
[SourceVersion "1"]
[SourceVersionDate "2003.11.25"]
[SourceQuality "1"]

1. Nf3 d5 2. g3 Nf6 3. Bg2 c6 4. 0-0 Bg4 5. Ne5 Bh5 6. d4 Nbd7 7. c4 e6 8. Nxd7 Qxd7 9. b3 Be7 10. Bb2 0-0 11. Nd2 Rad8 12. Nf3 Qe8 13. Qc2 Ne4 14. Ne5 f6 15. Nd3 Bg6 16. Qc1 Bd6 17. Re1 Bf5 18. a4 h5 19. Ba3 Bxa3 20. Rxa3 h4 21. Ra2 Qh5 22. Nf4 Qh7 23. a5 g5 24. Nd3 a6 25. Nc5 Nxc5 26. dxc5 Kf7 27. cxd5 exd5 28. e4 dxe4 29. Qc4+ Kg7 30. Rae2 Rfe8 31. g4 Bxg4 32. Rxe4 Rxe4 33. Rxe4 Rd1+ 34. Bf1 Qxe4 35. Qxe4 Bh3 36. Qe7+ Kg6 37. Qe8+ 1/2-1/2

[Event "Australian Masters"]
[Site "Melbourne"]
[Date "2002.07.01"]
[Round "1"]
[White "Rujevic, Mirko"]
[Black "Baron, Michael"]
[Result "1/2-1/2"]
[WhiteElo "2303"]
[BlackElo "2300"]
[PlyCount "24"]
[EventDate "2002.07.01"]
[EventType "tourn"]
[EventRounds "11"]
[EventCountry "AUS"]
[EventCategory "2"]
[SourceTitle "EXT 2004"]
[Source "ChessBase"]
[SourceDate "2003.11.25"]
[SourceVersion "1"]
[SourceVersionDate "2003.11.25"]
[SourceQuality "1"]

1. e4 c6 2. d4 d5 3. Nc3 dxe4 4. Nxe4 Nd7 5. Nf3 Ngf6 6. Ng3 e6 7. Bc4 Bd6 8. 0-0 0-0 9. Qe2 Qc7 10. Re1 a6 11. a4 c5 12. c3 b6 1/2-1/2

[Event "Melbourne Black Opal"]
[Site "Melbourne"]
[Date "2002.01.15"]
[Round "4"]
[White "Bjelobrk, Igor"]
[Black "Baron, Michael"]
[Result "1-0"]
[WhiteElo "2219"]
[BlackElo "2312"]
[PlyCount "99"]
[EventDate "2002.01.12"]
[EventType "tourn"]
[EventRounds "9"]
[EventCountry "AUS"]
[SourceTitle "CBM 086 Extra"]
[Source "ChessBase"]
[SourceDate "2002.03.14"]
[SourceVersion "1"]
[SourceVersionDate "2002.03.14"]
[SourceQuality "1"]

1. d4 Nf6 2. c4 c5 3. d5 e6 4. Nc3 exd5 5. cxd5 d6 6. e4 g6 7. h3 Bg7 8. Nf3 0-0 9. Bd3 Re8 10. 0-0 a6 11. a4 Qc7 12. Bf4 Nbd7 13. Bh2 Rb8 14. Nd2 Ne5 15. Be2 c4 16. Bxe5 Rxe5 17. Bxc4 Nh5 18. f4 Re8 19. Kh2 Bh6 20. Ne2 Bg7 21. Rc1 Qd8 22. b4 Bd7 23. Bd3 b5 24. a5 Rb7 25. Qc2 Bh6 26. g3 Bg7 27. Nf3 Nf6 28. Ned4 Bc8 29. Rfe1 Qd7 30. Bf1 Bh6 31. Bg2 Nh5 32. Ne2 Qd8 33. Nfd4 Bd7 34. Nc6 Qa8 35. Qd2 Nf6 36. Qd4 Bg7 37. e5 dxe5 38. fxe5 Nh5 39. Nf4 Nxf4 40. gxf4 Bxc6 41. Rxc6 Qd8 42. d6 Qh4 43. Qe3 g5 44. Qg3 Qxf4 45. Qxf4 gxf4 46. Rxa6 Rbb8 47. d7 Re7 48. Rd1 Rd8 49. Ra8 Rxa8 50. Bxa8 1-0

[Event "Begonia op 36th"]
[Site "Ballarat"]
[Date "2002.??.??"]
[Round "4"]
[White "Fenwick, Chris"]
[Black "Baron, Michael"]
[Result "0-1"]
[WhiteElo "2023"]
[BlackElo "2299"]
[PlyCount "68"]
[EventDate "2002.03.09"]
[EventType "swiss"]
[EventRounds "7"]
[EventCountry "AUS"]
[SourceTitle "EXT 2004"]
[Source "ChessBase"]
[SourceDate "2003.11.25"]
[SourceVersion "1"]
[SourceVersionDate "2003.11.25"]
[SourceQuality "1"]

1. e4 Nf6 2. e5 Nd5 3. d4 d6 4. Nf3 Nb6 5. exd6 cxd6 6. Bd3 g6 7. 0-0 Bg7 8. Re1 0-0 9. Bg5 Nc6 10. c3 Qc7 11. Qc1 Re8 12. Bh6 Bh8 13. Ng5 e5 14. f4 Ne7 15. fxe5 dxe5 16. dxe5 Bxe5 17. Nf3 Bd6 18. Nbd2 Bf5 19. Ne4 Bxe4 20. Bxe4 Nbd5 21. Qc2 Nf6 22. g3 Ng4 23. Bg5 h6 24. Bc1 f5 25. Bd3 Kh7 26. a4 Bc5+ 27. Kg2 Nd5 28. Rxe8 Rxe8 29. Qb3 Nde3+ 30. Bxe3 Rxe3 31. Bb5 a6 32. Bc4 Qe7 33. Re1 Rxe1 34. Nxe1 Qe4+ 0-1

[Event "Melbourne Rating1"]
[Site "Melbourne"]
[Date "2001.10.14"]
[Round "9"]
[White "Baron, Michael"]
[Black "Roberts, Mark S"]
[Result "1-0"]
[WhiteElo "2321"]
[BlackElo "1764"]
[PlyCount "53"]
[EventDate "2001.09.??"]
[EventType "tourn"]
[EventRounds "9"]
[EventCountry "AUS"]
[SourceTitle "EXT 2003"]
[Source "ChessBase"]
[SourceDate "2002.11.25"]
[SourceVersion "1"]
[SourceVersionDate "2002.11.25"]
[SourceQuality "1"]

1. d4 e6 2. Nf3 f5 3. h3 Bd6 4. g4 f4 5. Nc3 Ne7 6. Ne4 Rf8 7. Qd3 h6 8. Nxd6+ cxd6 9. Qh7 Kf7 10. Bxf4 Rh8 11. Qd3 Qa5+ 12. Bd2 Qb6 13. 0-0-0 Nbc6 14. e4 a5 15. a3 Qc7 16. d5 exd5 17. exd5 Nb4 18. axb4 axb4 19. Bxb4 b6 20. Nd4 Ra1+ 21. Kd2 Rxd1+ 22. Kxd1 Rf8 23. Nb5 Qb8 24. Nxd6+ Kg8 25. Nxc8 Rxf2 26. Nxe7+ Kh8 27. Qd4 1-0

[Event "Melbourne Rating1"]
[Site "Melbourne"]
[Date "2001.10.12"]
[Round "7"]
[White "Baron, Michael"]
[Black "Szuveges, Narelle"]
[Result "1-0"]
[WhiteElo "2321"]
[BlackElo "2018"]
[PlyCount "83"]
[EventDate "2001.09.??"]
[EventType "tourn"]
[EventRounds "9"]
[EventCountry "AUS"]
[SourceTitle "EXT 2003"]
[Source "ChessBase"]
[SourceDate "2002.11.25"]
[SourceVersion "1"]
[SourceVersionDate "2002.11.25"]
[SourceQuality "1"]

1. d4 f5 2. Bg5 g6 3. h4 Bg7 4. e4 fxe4 5. c3 h6 6. Be3 d6 7. f3 exf3 8. Nxf3 e6 9. h5 Qf6 10. hxg6 Ne7 11. Bd3 Nd7 12. 0-0 Nf5 13. Bf2 0-0 14. Nbd2 Qxg6 15. Nh4 Qg5 16. Ne4 Qd8 17. Ng6 Rf7 18. g4 Ne7 19. Bh4 Qe8 20. Nxe7+ Rxe7 21. Bxe7 Qxe7 22. Qf3 e5 23. d5 b6 24. Ng3 e4 25. Qxe4 Qxe4 26. Bxe4 Ne5 27. Nf5 Nxg4 28. Ne7+ Kh8 29. Nxc8 Nf6 30. Bf5 Nxd5 31. Be6 Nf6 32. Rae1 a5 33. a4 Rb8 34. c4 Nh5 35. Bg4 Nf6 36. Bf5 Bf8 37. Bh3 Kg7 38. Re2 c6 39. Be6 b5 40. Rg2+ Kh7 41. Rxf6 bxc4 42. Bf5+ 1-0

[Event "Melbourne Rating1"]
[Site "Melbourne"]
[Date "2001.09.29"]
[Round "2"]
[White "Rujevic, Mirko"]
[Black "Baron, Michael"]
[Result "1-0"]
[WhiteElo "2355"]
[BlackElo "2321"]
[PlyCount "79"]
[EventDate "2001.09.??"]
[EventType "tourn"]
[EventRounds "9"]
[EventCountry "AUS"]
[SourceTitle "EXT 2003"]
[Source "ChessBase"]
[SourceDate "2002.11.25"]
[SourceVersion "1"]
[SourceVersionDate "2002.11.25"]
[SourceQuality "1"]

1. e4 b6 2. Nc3 Bb7 3. Nf3 e6 4. d4 Bb4 5. Bd3 Nf6 6. Qe2 d5 7. exd5 Nxd5 8. Bd2 Nd7 9. Nxd5 Bxd2+ 10. Qxd2 Bxd5 11. Qf4 0-0 12. 0-0 Qf6 13. Qxf6 gxf6 14. Nd2 c5 15. Bb5 Rfd8 16. Bxd7 Rxd7 17. dxc5 Bxg2 18. Kxg2 Rxd2 19. Rac1 bxc5 20. Rfd1 Rad8 21. Rxd2 Rxd2 22. Kf3 f5 23. Ke3 Rd4 24. c3 Ra4 25. a3 Rh4 26. b4 Kf8 27. Rb1 c4 28. b5 Ke7 29. a4 Kd6 30. a5 Kc7 31. Rg1 Rg4 32. Rxg4 fxg4 33. Kd4 h5 34. Kxc4 a6 35. b6+ Kc6 36. Kd4 f6 37. c4 Kd6 38. Ke4 Kc6 39. c5 Kb7 40. Kf4 1-0

[Event "Australian Masters"]
[Site "Melbourne"]
[Date "2001.07.10"]
[Round "4"]
[White "West, Guy"]
[Black "Baron, Michael"]
[Result "1-0"]
[WhiteElo "2363"]
[BlackElo "2321"]
[PlyCount "153"]
[EventDate "2001.07.07"]
[EventType "tourn"]
[EventRounds "8"]
[EventCountry "AUS"]
[EventCategory "1"]
[SourceTitle "CBM 083 Extra"]
[Source "ChessBase"]
[SourceDate "2001.09.11"]
[SourceVersion "1"]
[SourceVersionDate "2001.09.11"]
[SourceQuality "1"]

1. e4 b6 2. d4 Bb7 3. Bd3 e6 4. Nf3 c5 5. c3 d6 6. 0-0 Nf6 7. Qe2 Be7 8. Rd1 Qc7 9. Na3 a6 10. dxc5 Qxc5 11. Nc4 Nbd7 12. Bf4 e5 13. Bg5 h6 14. Bh4 Qc6 15. Nfd2 Nc5 16. f3 Ne6 17. Bf2 Nf4 18. Qf1 Bd8 19. Bc2 0-0 20. Bb3 a5 21. g3 Ne6 22. Ne3 Ng5 23. Nd5 Ba6 24. Qg2 Rb8 25. h4 Ne6 26. Nf1 Nd7 27. Nfe3 Ndc5 28. Nf5 Kh8 29. Bc2 Nc7 30. Be3 Bc8 31. Nxc7 Bxf5 32. Nd5 Be6 33. Qd2 Nd7 34. a4 Qc8 35. Kg2 Rb7 36. Qe2 f5 37. exf5 Bxf5 38. Be4 Nc5 39. Bxc5 bxc5 40. Ne3 Bxe4 41. fxe4 Rbf7 42. Rf1 Qb7 43. Rxf7 Rxf7 44. Nc4 Bc7 45. Rf1 Rxf1 46. Kxf1 d5 47. Ne3 dxe4 48. Qb5 Qc8 49. Qxc5 Qd7 50. Qf8+ Kh7 51. Qf5+ Qxf5+ 52. Nxf5 Kg6 53. Ne3 Kf7 54. h5 Ke6 55. b4 Kd7 56. Nf5 Kc6 57. Ke2 Kd5 58. Ne3+ Kc6 59. Nc4 axb4 60. cxb4 Kd5 61. Ne3+ Kd4 62. a5 Bd8 63. Nf5+ Kc4 64. Ke3 Kxb4 65. a6 Kb5 66. Kxe4 Kxa6 67. Nxg7 Kb5 68. Ne6 Ba5 69. Kxe5 Kc6 70. Kf6 Kd6 71. Ng7 Bc3+ 72. Kg6 Ke5 73. Nf5 Be1 74. g4 Kf4 75. Nxh6 Bh4 76. Ng8 Kxg4 77. h6 1-0

[Event "Melbourne Rating"]
[Site "Melbourne"]
[Date "2001.02.23"]
[Round "7"]
[White "Baron, Michael"]
[Black "Hacche, David"]
[Result "1-0"]
[WhiteElo "2264"]
[BlackElo "2212"]
[PlyCount "77"]
[EventDate "2001.02.??"]
[EventType "tourn"]
[EventRounds "9"]
[EventCountry "AUS"]
[SourceTitle "EXT 2002"]
[Source "ChessBase"]
[SourceDate "2001.11.25"]
[SourceVersion "1"]
[SourceVersionDate "2001.11.25"]
[SourceQuality "1"]

1. d4 g6 2. e4 Bg7 3. c4 c5 4. d5 d6 5. Nc3 Nf6 6. Bd3 Na6 7. f4 0-0 8. Nf3 e6 9. dxe6 Bxe6 10. 0-0 Nb4 11. f5 Bd7 12. Bb1 Bc6 13. Bf4 Re8 14. fxg6 hxg6 15. a3 Na6 16. Re1 Qb6 17. Ra2 Rad8 18. Bg5 Nc7 19. Bh4 Ne6 20. Nd5 Bxd5 21. exd5 Nd4 22. Rf1 Ne2+ 23. Kh1 Rd7 24. Nd2 Rde7 25. Bxf6 Bxf6 26. Rxf6 Nc3 27. bxc3 Re1+ 28. Rf1 Rxd1 29. Rxd1 Re3 30. h3 Qd8 31. Rf1 f5 32. Nf3 Qf6 33. Raf2 Qxc3 34. Nh4 Kh7 35. Nxg6 Kxg6 36. Rxf5 Kh6 37. Rf6+ Kh5 38. R1f5+ Kh4 39. Rh6+ 1-0

[Event "Melbourne Rating"]
[Site "Melbourne"]
[Date "2001.02.16"]
[Round "4"]
[White "Dizdarevic, Mehmedalija"]
[Black "Baron, Michael"]
[Result "0-1"]
[WhiteElo "2149"]
[BlackElo "2264"]
[PlyCount "132"]
[EventDate "2001.02.??"]
[EventType "tourn"]
[EventRounds "9"]
[EventCountry "AUS"]
[SourceTitle "EXT 2002"]
[Source "ChessBase"]
[SourceDate "2001.11.25"]
[SourceVersion "1"]
[SourceVersionDate "2001.11.25"]
[SourceQuality "1"]

1. e4 b6 2. d4 Bb7 3. Nc3 e6 4. Bd3 Nf6 5. Bg5 Be7 6. f3 c5 7. Nge2 d6 8. Qd2 Nbd7 9. g4 Rc8 10. b3 a6 11. a4 Qc7 12. dxc5 bxc5 13. Bf4 Qb6 14. a5 Qc6 15. Ng3 h6 16. 0-0 g5 17. Be3 Ne5 18. Be2 Qc7 19. Na4 Nfd7 20. c4 Nc6 21. Nh5 Rg8 22. Rfd1 Nxa5 23. Qc2 Nc6 24. Bf2 Nf6 25. Ng3 Rd8 26. Rd2 Ne5 27. Rad1 Ng6 28. Qc3 Nd7 29. Nh5 Nf4 30. Nxf4 gxf4 31. Qc2 Bc6 32. Nb2 Rb8 33. Nd3 Qb7 34. Nc1 h5 35. h3 hxg4 36. hxg4 Ne5 37. Qc3 Qc7 38. Kf1 Bf6 39. Qc2 Rd8 40. Nd3 Nxd3 41. Qxd3 Ke7 42. g5 Rxg5 43. Bh4 Rh5 44. Bxf6+ Kxf6 45. Qc3+ Ke7 46. Kf2 Rh2+ 47. Ke1 f6 48. Rd3 e5 49. R1d2 Qb6 50. Kd1 Rh1+ 51. Kc2 a5 52. Bd1 Qb4 53. Kb2 Rd7 54. Ka2 Rh8 55. Kb2 Rb8 56. Ka2 a4 57. Qxb4 Rxb4 58. bxa4 Bxa4 59. Bxa4 Rxa4+ 60. Kb3 Ra6 61. Kb2 Rb7+ 62. Rb3 Rxb3+ 63. Kxb3 Ke6 64. Rh2 Ra1 65. Kc3 Ra3+ 66. Kd2 Rxf3 0-1

[Event "Melbourne Rating"]
[Site "Melbourne"]
[Date "2000.08.27"]
[Round "6"]
[White "Broome, Tim"]
[Black "Baron, Michael"]
[Result "1-0"]
[WhiteElo "2269"]
[BlackElo "2140"]
[PlyCount "163"]
[EventDate "2000.08.??"]
[EventType "tourn"]
[EventRounds "9"]
[EventCountry "AUS"]
[SourceTitle "EXT 2004"]
[Source "ChessBase"]
[SourceDate "2003.11.25"]
[SourceVersion "1"]
[SourceVersionDate "2003.11.25"]
[SourceQuality "1"]

1. e4 c5 2. c3 d5 3. exd5 Qxd5 4. d4 cxd4 5. cxd4 e6 6. Nf3 Nf6 7. Be2 Nc6 8. 0-0 Be7 9. Nc3 Qa5 10. a3 0-0 11. Be3 Nd5 12. Rc1 Nxc3 13. Rxc3 Rd8 14. b4 Qd5 15. b5 Nb8 16. Ne5 Nd7 17. Bc4 Qd6 18. f4 Nf6 19. f5 Nd5 20. Qh5 Rf8 21. Bxd5 exd5 22. Bf4 Qf6 23. Bd2 Qh4 24. Qxh4 Bxh4 25. a4 Bd8 26. Rc5 a6 27. Rxd5 axb5 28. axb5 Ra4 29. Nd7 Re8 30. Rc1 Bxd7 31. Rxd7 Bb6 32. Rxb7 Bxd4+ 33. Kf1 h5 34. Re1 Rc8 35. b6 Ra2 36. Rc7 Rb8 37. b7 Rxd2 38. Rc8+ Kh7 39. Ree8 Rf2+ 40. Ke1 Rxf5 41. Rxb8 Rb5 42. Re7 Be5 43. Rbe8 Bxh2 44. Rxf7 Bg3+ 45. Kd1 h4 46. Kc2 Kg6 47. Rd7 Kf6 48. Re3 Bh2 49. Rb3 Rc5+ 50. Kd3 g5 51. b8Q Bxb8 52. Rxb8 Kf5 53. Rb4 Ra5 54. Ke3 Ra3+ 55. Rd3 Ra2 56. Kf3 Kg6 57. Rg4 Kh5 58. Re4 Ra1 59. Re5 Ra2 60. Rdd5 Ra3+ 61. Kf2 Rg3 62. Re3 Rg4 63. Rd6 Rf4+ 64. Kg1 Rf5 65. Rd4 Ra5 66. Rde4 Rb5 67. Kh2 Rb1 68. g4+ hxg3+ 69. Kxg3 Rg1+ 70. Kh2 Rb1 71. Rg3 Rb5 72. Kh3 Ra5 73. Re8 Rb5 74. Rh8+ Kg6 75. Rf8 Ra5 76. Rd3 Ra6 77. Rfd8 Ra4 78. R3d4 Ra1 79. R4d5 Rh1+ 80. Kg2 Rh5 81. R8d6+ Kf7 82. Kg3 1-0